Les joueurs avec le plus de doublés en 2025 (Football) - Statistiques

Statistiques générales
  • Ce quiz a été pris 95 fois
  • Le résultat moyen est 9 sur 10
Statistiques - réponses
Classement Club Nombre de doublés Joueurs % Correct
1 Real Madrid 17 doublés Kylian Mbappé
100%
3 Manchester City 14 doublés Erling Haaland
99%
2 Bayern Munich 15 doublés Harry Kane
99%
5 Paris Saint-Germain 8 doublés Ousmane Dembélé
98%
8 FC Barcelone 7 doublés Raphinha
92%
9 FC Barcelone 7 doublés Robert Lewandowski
92%
4 Galatasaray 12 doublés Victor Osimhen
85%
10 Borussia Dortmund 7 doublés Serhou Guirassy
84%
6 Arsenal 8 doublés Viktor Gyökeres
79%
7 SL Benfica 8 doublés Vangélis Pavlídis
56%
Aucun quiz correspondant
Distribution des résultats
% des personnes avec chaque résultat
Percentile par nombre de réponses
Votre historique - résultats
Vous n’avez pas pris ce quiz